000 00742nam a2200253Ia 4500
003 OSt
005 20220926014409.0
006 a|||||r|||| 00| 0
007 ta
008 220923b |||||||| |||| 00| 0 eng d
037 _cGeneral Book
040 _aRTL
_cRTL
_beng
041 _2eng
_aeng
082 _aX:8K, K4
100 _aBacker Morton
_9317009
245 0 _aCost accounting
_b A managerial approach
260 _aNew York
_bMcGraw Hill US A
_c1964
300 _axii, 678p. Appendix p 666-70
_ccm.
490 _aMcGrwa Hill accounting series
650 _aCost Accounts
700 _a Jacobsen Lyle E
_9320589
942 _hX:8K, K4
_cGB
_2CC
999 _c628957
_d628957